Countries of Austria-Hungary - Statistics

General Stats
  • This quiz has been taken 54 times
  • The average score is 13 of 13
Answer Stats
Answer % Correct
Croatia
100%
Austria
98%
Bosnia and Herzegovina
98%
Czech Republic
98%
Hungary
98%
Italy
98%
Romania
98%
Serbia
98%
Slovakia
98%
Poland
96%
Slovenia
96%
Montenegro
92%
Ukraine
88%
No matching quizzes found
Score Distribution
Percent of People with Each Score
Percentile by Number Answered
Your Score History
You have not taken this quiz